Špecifiká marketingového mixu vysokej školy

Analýza nástrojov marketingového mixu, špecifických pre oblasť vzdelávania. Manažment vysokej školy pri napĺňaní marketingovej stratégie a ďalšie ciele súvisiace so získaním konkurenčných výhod na trhu vzdelávania či rozvoja vysokej školy všeobecne.

Enregistré dans:
Détails bibliographiques
Auteur principal: Drábik, Henrich
Format: Chapitre de livre
Langue:slovaque
Sujets:
Tags: Ajouter un tag
Pas de tags, Soyez le premier à ajouter un tag!

MARC

LEADER 00000nla a2200000 4500
001 0226443
005 20240502073725.7
041 0 |a slo 
044 |a SK 
245 1 0 |a Špecifiká marketingového mixu vysokej školy  |c Henrich Drábik 
520 |a Analýza nástrojov marketingového mixu, špecifických pre oblasť vzdelávania. Manažment vysokej školy pri napĺňaní marketingovej stratégie a ďalšie ciele súvisiace so získaním konkurenčných výhod na trhu vzdelávania či rozvoja vysokej školy všeobecne. 
610 2 0 |a marketing manažment 
610 2 0 |a stratégia marketingová 
610 2 0 |a nástroje marketingové 
610 2 0 |a marketing mix 
610 2 0 |a univerzity 
610 2 0 |a školy vysoké 
610 2 0 |a riadenie 
610 2 0 |a vzdelávanie 
100 1 |a Drábik, Henrich